000 00278nam a2200109Ia 4500
008 190912s9999||||xx |||||||||||||| ||und||
100 _aSharif Al Mujahid
245 0 _aQuaid-i-Azam And his Times A Compendium
260 _akarachi
_bMcGraw-Hill
_c1990
300 _a572
942 _cBK
999 _c7343
_d7343